Political handbook and atlas of the world 1993
Bewaard in:
| Formaat: | Boek |
|---|---|
| Taal: | Undetermined |
| Gepubliceerd in: |
New York
CSA
1993
|
| Onderwerpen: | |
| Tags: |
Voeg label toe
Geen labels, Wees de eerste die dit record labelt!
|
| Thư viện lưu trữ: | Trung tâm Học liệu Trường Đại học Cần Thơ |
|---|
| LEADER | 00444nam a2200157Ia 4500 | ||
|---|---|---|---|
| 001 | CTU_29295 | ||
| 008 | 210402s9999 xx 000 0 und d | ||
| 082 | |a 909.829 | ||
| 082 | |b B218 | ||
| 245 | 0 | |a Political handbook and atlas of the world 1993 | |
| 260 | |a New York | ||
| 260 | |b CSA | ||
| 260 | |c 1993 | ||
| 650 | |a world history,world maps,world politics | ||
| 904 | |i Minh, 990317 | ||
| 980 | |a Trung tâm Học liệu Trường Đại học Cần Thơ | ||